000 nam a22 7a 4500
999 _c30399
_d30399
008 190520b xxu||||| |||| 00| 0 eng d
040 _amksu
050 _aHD 7286
_b.U55 1996
110 _a United Nations Conference on Human Settlements (2 ; 1996 ; Stambuł)
245 _aCities and homes for all :
_bthe Habitat agenda /
_cUnited Nations Conference on Human Settlements (2 ; 1996 ; Stambuł).
260 _aNairobi,Kenya :
_bUnited Nations Centre for Human Settlement,
_c1996.
300 _a40p. :
_bill.(chiefly col.);
_c28cm.
650 _aSustainable development.
650 _aHousing.
942 _2lcc
_cBOOKS
_hHD 7286 .U55 1996